| 000 | 00647nam a22001817a 4500 | ||
|---|---|---|---|
| 999 |
_c178191 _d178191 |
||
| 005 | 20210322123929.0 | ||
| 010 | _aENG- 129256 | ||
| 020 |
_c795.00 _a9789386515896 |
||
| 035 | _aEN- 112788 | ||
| 037 | _bDBAD/PUB | ||
| 082 | _a346.54015 | ||
| 100 | _aSAXENA, POONAM PRADHAN | ||
| 245 |
_aFAMILY LAW II / _cDR POONAM PRADHAN SAXENA _bFAMILY LAW LECTURES |
||
| 260 |
_aGURGAON _bLexisNexis _c2019 |
||
| 270 |
_bharyana _a14th floor, Building no 10 , Tower - B , DLF CYBER CITY, PHASE-II GURGAON _e122002 _k+91-124474444 _l+91-1244774100 _mhelp.in@lexisnexis.com |
||
| 300 |
_aP. 627 _c24CM(PBK) |
||
| 942 |
_2ddc _cEN _mSAX _h346.54015 |
||